Music Quiz

Random Music or Clickable Quiz
Score 0/30 Timer 08:00
1 Play Today
% Correct
Free Fallin'- Tom Petty
74.5%
Hey Soul Sister- Train
68.1%
We Didn't Start the Fire- Billy Joel
66.2%
Sweet Home Alabama- Lynyrd Skynyrd
65.7%
Party in the USA- Miley Cyrus
61.9%
Tik Tok- Ke$ha
60.3%
One Week- Barenaked Ladies
46.8%
It's My Life- Bon Jovi
46.2%
It's The End of the World As We Know It- R.E.M.
42.6%
Just Lose It- Eminem
41.6%
1985- Bowling For Soup
39.9%
Take Me Home Tonight- Eddie Money
37%
Wake Me Up Before You Go Go- Wham
35.7%
Numb Encore- Jay-Z and Linkin Park
33.9%
Walking in Memphis- Marc Cohn
31.5%
% Correct
You Get What You Give- New Radicals
31.1%
Hey Hey My My (Into The Black)- Neil Young
29.8%
Californication- Red Hot Chili Peppers
29.5%
Rehab- Amy Winehouse
27.4%
R.O.C.K. in the USA- John Cougar Mellencamp
25.1%
Smoke on the Water- Deep Purple
24.6%
Looking Out My Back Door- Credence Clearwater Revival
24.4%
Surrender- Cheap Trick
23.3%
Thunder Road- Bruce Springsteen
21.9%
Mr Sandman- The Chordettes
21.7%
The Seeker- The Who
19%
All The Young Dudes- Mott the Hoople
18.9%
Hey Nineteen- Steely Dan
16.8%
Let Her Cry- Hootie and Blowfish
16.3%
We're An American Band- Grand Funk Railroad
9.9%
Remove Ads.
Support Sporcle.
Get the best of Sporcle when you Go Orange. This ad-free experience offers more features, more stats, and more fun while also helping to support Sporcle. Thank you for becoming a member.

You're not logged in!

Compare scores with friends on all Sporcle quizzes.
OR
Log In

Show Comments

Extras

Top Quizzes Today


Score Distribution

Your Account Isn't Verified!

In order to create a playlist on Sporcle, you need to verify the email address you used during registration. Go to your Sporcle Settings to finish the process.

Report this User

Report this user for behavior that violates our Community Guidelines.

Details: